000 01053nam a22003137a 4500
003 CHAP
005 20220329135458.0
008 971013s1979 r 00010 d
010 _a37241
011 _a38213
035 _a42333
040 _cCHAP
090 _aFolleto 7761 (1978-79)
110 1 _aMéxico. Dirección General de Economía Agrícola
_976976
245 1 _aPrograma siembra-exportación de tomate
_b: temporada, 1978-79
260 _aMéxico, D.F. :
_bLa Dirección,
_c1979
300 _a23 p.
_b; gráfs
590 _aBATCH-UPD
_b10
_c20130109
_lUCH01
_h2342
590 _aBATCH-UPD
_b10
_c20130110
_lUCH01
_h1620
590 _aBATCH-UPD
_b10
_c20130410
_lUCH01
_h1015
590 _aBATCH-UPD
_b10
_c20130914
_lUCH01
_h1336
590 _aCONVERSION
_b10
_c20130109
_lUCH01
_h1321
650 1 4 _aExportación e importación
_zMéxico.
_939119
650 1 4 _aTomate
_xFechas de siembra.
_9113720
650 1 4 _aTomate
_xMercadeo.
_9113738
901 _aBK
942 _cFOLL
949 _aFolleto 7761 (1978-79)
_bBC
_cFOLL
_d-97488
_eTS1
_i42333
_mD
_si
999 _c37241
_d37241